Vida 3.0 : qué significa ser humano en la era de la inteligencia artificial /
El autor reflexiona sobre las implicaciones éticas, económicas y socioculturales de las sociedades, cuando la inteligencia artificial se instale en nuestras vidas y advierte sobre cómo cosechar sus beneficios y reducir los riesgos de que sea utilizada como arma de poder, de guerra y de sustitución d...
Sparad:
| Huvudupphov: | |
|---|---|
| Materialtyp: | Bok |
| Språk: | spanska |
| Utgiven: |
Madrid, España :
Taurus,
2018, c2018
|
| Serie: | (Taurus Ciencia)
|
| Ämnen: | |
| Taggar: |
Inga taggar, Lägg till första taggen!
|
MARC
| LEADER | 00000nam^a2200000^a^4500 | ||
|---|---|---|---|
| 001 | 000409757 | ||
| 005 | 20250521000000.0 | ||
| 009 | 20260310122029.68 | ||
| 020 | |a 978-84-306-1962-7 | ||
| 037 | |a Acervo ITESO - Biblioteca | ||
| 041 | |a ESP | ||
| 082 | |a 303. 483 |b TEG | ||
| 100 | |a Tegmark, Max |e (autor) | ||
| 245 | 1 | 0 | |a Vida 3.0 : |b qué significa ser humano en la era de la inteligencia artificial / |c M. Tegmark ; tr. por Marcos Pérez Sánchez. |
| 264 | 4 | |a Madrid, España : |b Taurus, |c 2018, c2018 | |
| 300 | |a 454 p. | ||
| 336 | |a texto |b txt |2 rdacontenido | ||
| 337 | |a sin mediación |b n |2 rdamedio | ||
| 338 | |a volumen |b nc |2 rdasoporte | ||
| 440 | 1 | |a (Taurus Ciencia) | |
| 500 | |a Traducción de: Life 3.0: Being Human in the Age of Artificial Intelligence | ||
| 520 | |a El autor reflexiona sobre las implicaciones éticas, económicas y socioculturales de las sociedades, cuando la inteligencia artificial se instale en nuestras vidas y advierte sobre cómo cosechar sus beneficios y reducir los riesgos de que sea utilizada como arma de poder, de guerra y de sustitución del hombre. | ||
| 521 | |a FIL 2018 DIA | ||
| 649 | |a XX | ||
| 650 | |a Inteligencia Artificial - |x Aspectos Económicos - |x Tema Principal | ||
| 650 | |a Inteligencia Artificial - |x Aspectos Eticos - |x Tema Principal | ||
| 650 | |a Inteligencia Artificial - |x Aspectos Sociales y Culturales - |x Tema Principal | ||
| 650 | |a Inteligencia Artificial - |x Tema Principal | ||
| 650 | |a Tecnología y Sociedad | ||
| 650 | |a Sociología de la Ciencia | ||
| 910 | |a Fondo General | ||
| 920 | |a Impresos - Libros | ||
| 930 | |a Colección General | ||
| 905 | |a 101 | ||
| 901 | |a 0500312103 |b IT1 |c ACC |i C163229 |u 20250521 | ||
| 902 | |a https://opac.biblio.iteso.mx/vufind/Record/000409757 | ||